000 00534nam a2200205Ia 4500
005 20250923150120.0
008 008 250917s9999 xx 000 0 eng d
037 _aTextual
040 _aDSWL
_beng
_cDSWL
041 _aeng
_2eng
084 _qDSWL
245 0 _aHealth promotion : Profession perspectives
_cEd. by Ascriven
260 _aHoundmills
_bPalgrave
_c2001
300 _a248p.
365 _aINR
_b1470.75
700 _a J ORME
_9842406
925 _g1470.75
942 _cTEXL
999 _c1459729
_d1459729